[Event "105th British-ch 2018"]
[Site "Hull"]
[Date "2018.08.05"]
[Round "9"]
[White "Pert, Nicholas"]
[Black "Hawkins, Jonathan"]
[Result "*"]
[WhiteElo "2544"]
[BlackElo "2590"]
[Annotator "ChessBase"]
[PlyCount "44"]
[EventDate "2018.07.28"]
[EventType "swiss"]
[EventCountry "GBR"]
[SourceTitle "playchess.com"]
[Source "ChessBase"]
[SourceQuality "1"]
[TimeControl "40/5400+30:1800+30"]

1. d4 {[%emt 0:00:59]} d5 {[%emt 0:00:00]} 2. c4 {[%emt 0:00:09]} e6 {[%emt 0:00:13]} 3. Nf3 {[%emt 0:00:08]} Nf6 {[%emt 0:00:07]} 4. Nc3 {[%emt 0:00:04]} dxc4 {[%emt 0:00:06]} 5. e4 {[%emt 0:00:52]} Bb4 {[%emt 0:00:09]} 6. Bxc4 {[%emt 0:00:30]} Nxe4 {[%emt 0:00:51]} 7. O-O {[%emt 0:00:31]} Nxc3 {[%emt 0:02:15]} 8. bxc3 {[%emt 0:00:10]} Be7 {[%emt 0:00:38]} (8... Bxc3 9. Rb1) 9. Ne5 {[%emt 0:01:48]} O-O {[%emt 0:01:08]} 10. Qg4 {[%emt 0:03:39]} Nc6 {[%emt 0:00:41]} 11. Re1 {[%emt 0:01:18]} Nxe5 {[%emt 0:10:58]} (11... f5 12. Qf3 Nxe5 13. Rxe5 Kh8 14. Bf4 Bd6 15. Re3 Bxf4 16. Qxf4) 12. dxe5 {[%emt 0:03:30]} f5 {[%emt 0:00:41]} 13. exf6 {[%emt 0:00:59]} Bxf6 {[%emt 0:01:43]} 14. Ba3 {[%emt 0:11:00]} Bxc3 {[%emt 0:17:16]} 15. Rad1 {[%emt 0:02:46]} Qf6 {[%emt 0:00:07]} 16. Bxf8 Bxe1 17. Bxg7 Qxg7 (17... Qxf2+ 18. Kh1) (17... Bxf2+ 18. Kf1) 18. Rd8+ Kf7 19. Qf4+ Ke7 (19... Qf6 20. Rf8+) (19... Kg6) 20. Qxc7+ (20. Qh4+ Kf7 (20... Qf6 21. Re8+)) 20... Kf6 21. Qf4+ Ke7 22. Qd6+ Kf7 *

[Event "105th British-ch 2018"]
[Site "Hull"]
[Date "2018.08.05"]
[Round "9"]
[White "Fodor, Tamas Jr."]
[Black "Hebden, Mark L"]
[Result "1-0"]
[WhiteElo "2506"]
[BlackElo "2423"]
[Annotator "ChessBase"]
[PlyCount "61"]
[EventDate "2018.07.28"]
[EventType "swiss"]
[EventCountry "GBR"]
[SourceTitle "playchess.com"]
[Source "ChessBase"]
[SourceQuality "1"]
[TimeControl "40/5400+30:1800+30"]

1. d4 {[%emt 0:00:00]} Nf6 {[%emt 0:00:00]} 2. c4 {[%emt 0:00:00]} g6 {[%emt 0:00:12]} 3. Nc3 {[%emt 0:00:00]} Bg7 {[%emt 0:00:20]} 4. e4 {[%emt 0:00:00]} d6 {[%emt 0:00:15]} 5. Nf3 {[%emt 0:00:00]} O-O {[%emt 0:00:14]} 6. Be2 {[%emt 0:00:00]} e5 {[%emt 0:00:22]} 7. O-O {[%emt 0:00:06]} Nbd7 {[%emt 0:01:57]} 8. Qc2 {[%emt 0:02:16]} c6 {[%emt 0:01:55]} 9. Rd1 {[%emt 0:00:41]} Qe7 {[%emt 0:00:56]} 10. Bf1 {[%emt 0:04:33]} h6 {[%emt 0:06:50]} 11. Rb1 {[%emt 0:09:34]} Ng4 {[%emt 0:05:51]} 12. h3 {[%emt 0:17:50]} Ngf6 {[%emt 0:02:23]} 13. dxe5 {[%emt 0:02:56]} Nxe5 {[%emt 0:02:01]} 14. Nxe5 {[%emt 0:04:20]} Qxe5 {[%emt 0:02:29]} 15. Be3 {[%emt 0:00:29]} Re8 {[%emt 0:01:04]} 16. f3 {[%emt 0:03:57]} g5 {[%emt 0:08:14]} 17. Qf2 {[%emt 0:00:15]} a6 {[%emt 0:02:54]} 18. Rd2 {[%emt 0:02:39]} Nh5 {[%emt 0:01:27]} 19. Bd4 {[%emt 0:00:51]} Qf4 {[%emt 0:05:58]} 20. Bxg7 {[%emt 0:07:59]} Nxg7 {[%emt 0:02:44]} 21. Rbd1 {[%emt 0:00:05]} Re6 {[%emt 0:03:07]} 22. Na4 {[%emt 0:02:59]} b5 {[%emt 0:05:22]} 23. Nb6 {[%emt 0:00:07]} Rb8 {[%emt 0:00:15]} 24. c5 {[%emt 0:00:06]} Ne8 {[%emt 0:00:45]} 25. cxd6 {[%emt 0:01:49]} Rxd6 {[%emt 0:02:30]} 26. Rxd6 {[%emt 0:00:56]} Nxd6 {[%emt 0:00:05]} 27. Qc5 {[%emt 0:01:08]} Nb7 {[%emt 0:04:20]} 28. Qxc6 {[%emt 0:01:24]} Be6 {[%emt 0:01:13]} 29. Nd5 {[%emt 0:01:23]} Qe5 {[%emt 0:01:47]} 30. Qxa6 {[%emt 0:00:38]} Nc5 {[%emt 0:00:36]} 31. Qa7 {[%emt 0:00:40]} 1-0

[Event "105th British-ch 2018"]
[Site "Hull"]
[Date "2018.08.05"]
[Round "9"]
[White "Ghasi, Ameet K"]
[Black "Jones, Gawain C B"]
[Result "1/2-1/2"]
[WhiteElo "2494"]
[BlackElo "2670"]
[Annotator "TA"]
[PlyCount "143"]
[EventDate "2018.07.28"]
[EventType "swiss"]
[EventCountry "GBR"]
[SourceTitle "playchess.com"]
[Source "ChessBase"]
[SourceQuality "1"]

{[%evp 17,143,13,16,0,0,0,0,0,0,0,0,0,0,0,0,-9,-6,-3,-6,-8,0,0,0,0,0,0,0,-6,0,-8,0,-13,0,-8,0,0,0,0,0,-12,-2,-18,-16,-25,0,0,0,0,0,0,0,0,0,0,0,0,0,0,0,0,0,0,0,0,29,0,0,0,0,0,0,0,0,0,0,0,0,0,8,0,8,0,0,0,8,8,28,0,0,0,0,0,0,0,0,0,0,0,0,0,0,0,0,0,0,0,0,0,0,0,0,0,0,0,0,0,0,0,0,0,0,0,0,0,0,0,0,0]} 1. Nf3 g6 2. g3 Bg7 3. d4 c5 4. c3 Qc7 5. Bg2 Nf6 6. O-O O-O 7. Re1 d5 {A49: Königsindisch (ohne c2-c4)} 8. Bf4 Qb6 9. Qb3 Nc6 {LiveBook: 4 Partien} 10. Nbd2 (10. dxc5 Qxc5 11. Nbd2 Re8 12. Be3 Qa5 13. c4 d4 14. Bg5 h6 15. Bxf6 exf6 {½-½ (61) Aronian,L (2792)-Vachier Lagrave,M (2789) Leuven 2016}) 10... cxd4 $146 ({Vorgänger:} 10... Qxb3 11. Nxb3 c4 12. Nbd2 h6 13. Ne5 Be6 14. e4 Nxe4 15. Nxc6 bxc6 16. Nxe4 dxe4 17. Bxe4 g5 18. Bc7 Rac8 19. Be5 Rfe8 {½-½ (19) Efimov,I (2530)-Shulman,Y (2555) Pula 1997}) 11. Qxb6 axb6 12. Nxd4 Nxd4 13. cxd4 Bd7 14. a3 Rfc8 15. Rac1 e6 16. Be5 Ne8 17. Bxg7 Kxg7 18. e3 Nd6 19. Bf1 Kf8 20. Bd3 Bb5 21. Bxb5 Nxb5 22. Nf3 f6 23. Red1 g5 24. h3 Ke7 25. Ne1 Rc6 26. Nd3 Rac8 27. Kf1 Nd6 28. Ke1 h5 29. Ke2 Ne4 30. g4 Kd7 31. gxh5 Rh8 32. h4 gxh4 33. Nf4 $1 Kd6 34. Rxc6+ bxc6 $11 {[%mdl 4096] Endspiel KTS-KTS} 35. Rh1 $1 e5 36. Ng6 Rxh5 37. Rxh4 Rg5 38. dxe5+ fxe5 39. Rh6 {[#] Droht stark Sxe5+!} Kd7 40. f3 Nc5 41. f4 exf4 42. exf4 Rg2+ 43. Kf3 Rxb2 44. Ne5+ Kc7 45. Rxc6+ Kb7 46. Rd6 {Mit der Idee f5.} Rb3+ 47. Kg4 Rxa3 48. Rxd5 Ra4 49. Kf5 Kc7 50. Nf3 Ra3 51. Nd4 {[#] Droht Sb5+ und aus.} Kb7 52. Ne6 Kc6 {Die Stellung ist ausgeglichen.} 53. Re5 (53. Rd1 {feels hotter.} Rd3 54. Re1 Kd5 55. Kf6 Ra3 56. Re5+) 53... Rd3 54. Nxc5 (54. Kg4 {is more complex.} Nd7 55. Re1 b5 56. Rb1 Nf6+ 57. Kf5) 54... bxc5 {KT-KT} 55. Re1 Kd5 56. Kf6 c4 57. f5 c3 58. Kg7 Rg3+ (58... c2 $5 59. Rc1 $8 Rg3+ 60. Kf7 Rg2 $11) 59. Kf7 c2 60. Rc1 Rc3 61. f6 Ke5 62. Re1+ Kf5 63. Rf1+ Ke5 64. Re1+ Kd6 65. Rc1 Kd7 66. Kg6 Ke8 67. Kf5 Kf7 68. Ke5 Rc8 69. Kd4 Kxf6 70. Kd3 Ke5 71. Rxc2 Rxc2 72. Kxc2 {Precision: Weiß = 75%, Schwarz = 64%.} 1/2-1/2

[Event "105th British-ch 2018"]
[Site "Hull"]
[Date "2018.08.05"]
[Round "9"]
[White "Emms, John M"]
[Black "Webb, Laurence E"]
[Result "1/2-1/2"]
[WhiteElo "2488"]
[BlackElo "2306"]
[Annotator "ChessBase"]
[PlyCount "60"]
[EventDate "2018.07.28"]
[EventType "swiss"]
[EventCountry "GBR"]
[SourceTitle "playchess.com"]
[Source "ChessBase"]
[SourceQuality "1"]
[TimeControl "40/5400+30:1800+30"]

1. Nf3 {[%emt 0:01:42]} d5 {[%emt 0:00:28]} 2. c4 {[%emt 0:00:47]} e6 {[%emt 0:01:06]} 3. e3 {[%emt 0:00:27]} Nf6 {[%emt 0:00:32]} 4. Nc3 {[%emt 0:00:32]} c5 {[%emt 0:00:41]} 5. d4 {[%emt 0:00:47]} Nc6 {[%emt 0:01:04]} 6. cxd5 {[%emt 0:01:23]} Nxd5 {[%emt 0:03:51]} 7. Bd3 {[%emt 0:00:30]} Be7 {[%emt 0:00:51]} 8. O-O {[%emt 0:00:38]} O-O {[%emt 0:00:48]} 9. a3 {[%emt 0:02:24]} b6 {[%emt 0:05:13]} 10. Qc2 {[%emt 0:05:14]} h6 {[%emt 0:01:53]} 11. Rd1 {[%emt 0:09:48]} Nxc3 {[%emt 0:08:28]} 12. bxc3 {[%emt 0:00:04]} cxd4 {[%emt 0:03:29]} 13. cxd4 {[%emt 0:08:03]} Bb7 {[%emt 0:00:17]} 14. Bb2 {[%emt 0:01:21]} Rc8 {[%emt 0:00:44]} 15. Qe2 {[%emt 0:00:27]} Bf6 {[%emt 0:05:09]} 16. Bb5 {[%emt 0:04:05]} Na5 {[%emt 0:04:22]} 17. e4 {[%emt 0:05:45]} Qc7 {[%emt 0:03:46]} 18. Rac1 {[%emt 0:04:52]} Qf4 {[%emt 0:00:50]} 19. Bd3 {[%emt 0:00:50]} Rfd8 {[%emt 0:07:32]} 20. Rxc8 {[%emt 0:05:16]} Rxc8 {[%emt 0:00:57]} 21. h3 {[%emt 0:01:02]} Qc7 {[%emt 0:01:23]} 22. g3 {[%emt 0:06:41]} Nc4 {[%emt 0:09:09]} 23. Rc1 {[%emt 0:03:43]} b5 {[%emt 0:00:16]} 24. a4 {[%emt 0:08:49]} a6 {[%emt 0:00:25]} 25. axb5 {[%emt 0:12:22]} axb5 {[%emt 0:00:09]} 26. Nd2 {[%emt 0:01:27]} Qb6 {[%emt 0:08:12]} 27. Nxc4 {[%emt 0:01:10]} bxc4 {[%emt 0:00:17]} 28. Rxc4 {[%emt 0:00:07]} Rxc4 {[%emt 0:00:33]} 29. Bxc4 {[%emt 0:00:03]} Bxd4 {[%emt 0:02:33]} 30. Bxd4 {[%emt 0:00:05]} Qxd4 {[%emt 0:00:57]} 1/2-1/2

[Event "105th British-ch 2018"]
[Site "Hull"]
[Date "2018.08.05"]
[Round "9"]
[White "Gormally, Daniel W"]
[Black "Adams, Michael"]
[Result "1/2-1/2"]
[WhiteElo "2478"]
[BlackElo "2706"]
[Annotator "TA"]
[PlyCount "66"]
[EventDate "2018.07.28"]
[EventType "swiss"]
[EventCountry "GBR"]
[SourceTitle "playchess.com"]
[Source "ChessBase"]
[SourceQuality "1"]

{[%evp 15,66,-20,0,-48,-20,-23,0,-32,-36,-37,-34,-33,0,0,0,0,0,0,0,0,0,0,0,0,0,0,0,0,0,-25,-32,-37,-14,-28,-31,-127,-129,-154,-148,-204,-198,-180,-87,-113,-107,-87,-102,-110,0,0,0,0,0]} 1. e4 e5 2. Nf3 Nc6 3. d4 exd4 4. Nxd4 Nf6 {[%cal Bg8f6,Bf6d5,Bd5b6][%mdl 32]} 5. Nxc6 bxc6 6. e5 Qe7 7. Qe2 Nd5 8. c4 Ba6 {LiveBook: 1552 Games} 9. a3 {C45: Scotch Game} (9. b3 g6 10. f4 d6 11. Qf2 Nf6 12. Ba3 Qe6 13. Be2 dxe5 14. Bxf8 Kxf8 15. O-O exf4 16. Qxf4 Kg7 17. Nc3 Rae8 {½-½ (47) Svidler,P (2749)-Carlsen,M (2822) Saint Louis 2017}) 9... g6 10. h4 $146 {next Bg5 is good for White.} ({Predecessor:} 10. Qe4 Nf6 11. Qe2 {½-½ (13) Doluhanova,E (2227)-Ivanenko,O (2138) Evpatoria 2006}) 10... h6 11. Nd2 Bg7 12. Qe4 Nb6 13. f4 d5 14. cxd5 cxd5 15. Qc2 Bxf1 16. Kxf1 O-O-O 17. Nf3 f6 {[%cal Rf6e5]} 18. Be3 fxe5 19. fxe5 Rhf8 {[#] Hoping for ...Qxe5.} 20. Bc5 Qxe5 21. Bxf8 Rxf8 22. Re1 Qxb2 23. Qxb2 Bxb2 24. Re6 Bf6 25. Kf2 ({Better is} 25. g4 $15) 25... Kd7 $17 26. Re2 c5 {[%cal Bc7c5,Bc5c4][%mdl 32]} 27. Kg3 (27. Rh3 $17) 27... c4 $19 28. h5 {[#]} Rg8 (28... g5 $1 $19 29. Rhe1 Kd6 30. Re6+ Kc5) 29. hxg6 Rxg6+ 30. Kf4 {aiming for Kf5.} Bg7 31. Rhe1 Kd6 (31... Bc3 $17 {Threatens to win with ...Rf6+.} 32. Ne5+ Bxe5+ 33. Kxe5 Kc6) 32. Nh4 $1 $11 {[%cal Rh4g6]} Rg5 {...d4 is the strong threat.} 33. Nf3 Rg6 {Precision: White = 65%, Black = 65%.} 1/2-1/2

[Event "105th British-ch 2018"]
[Site "Hull"]
[Date "2018.08.05"]
[Round "9"]
[White "Fernandez, Daniel H"]
[Black "Pritchett, Craig W"]
[Result "1-0"]
[WhiteElo "2477"]
[BlackElo "2274"]
[Annotator "TA"]
[PlyCount "89"]
[EventDate "2018.07.28"]
[EventType "swiss"]
[EventCountry "GBR"]
[SourceTitle "playchess.com"]
[Source "ChessBase"]
[SourceQuality "1"]

{[%evp 11,89,7,28,27,35,30,38,12,16,-8,-15,-25,-18,-18,-21,-56,-44,-46,3,8,28,28,34,29,31,29,26,25,31,32,54,42,52,30,55,43,58,29,19,10,17,0,0,0,0,0,0,0,0,-12,0,0,0,0,0,0,0,-43,-41,-81,-18,-22,0,-8,-8,-8,-8,-7,-8,-143,-45,-45,-19,-46,-46,-46,438,438,438,438]} 1. d4 Nf6 2. Nf3 e6 3. Bf4 d5 4. e3 Bd6 5. Bg3 Ne4 6. Nbd2 f5 {LiveBook: 6 Games. D02: 1 d4 d5 2 Nf3 sidelines, including 2...Nf6 3 g3 and 2...Nf6 3 Bf4} (6... Nxg3 7. hxg3 h6 8. e4 dxe4 9. Nxe4 Be7 10. c3 Nd7 11. Bd3 c5 12. Qe2 cxd4 13. Nxd4 Nc5 14. Bb5+ {1-0 (28) Yemelin,V (2559)-Aleksandrov,A (2598) St Petersburg 2013}) 7. Bh4 Be7 8. Bxe7 Qxe7 {White has an edge.} 9. Ne5 {next Qh5+ is good for White.} O-O 10. g3 $146 ({Predecessor:} 10. c3 Nd7 11. Nxd7 Bxd7 12. Nf3 Be8 13. Ne5 f4 14. exf4 Rxf4 {0-1 (33) Bosque Ortega,X (2258)-Cubas,J (2419) Sao Paulo 2003}) 10... Nd7 11. Nxd7 Bxd7 12. c3 e5 13. Qb3 exd4 14. cxd4 Nxd2 (14... Kh8 {with more complications.} 15. Bg2 c5 16. Rd1 c4 17. Qc2 Qb4) 15. Kxd2 Be6 16. Rc1 c6 17. h4 Rac8 18. Qa4 Bd7 19. Bg2 a6 20. Rc3 Be6 21. Rb3 g6 22. Rc1 Rcd8 23. Qa5 Bc8 24. a4 h6 25. Qc5 Qxc5 26. dxc5 d4 27. Rd3 dxe3+ 28. fxe3 Rxd3+ 29. Kxd3 $11 {[%mdl 4096] Endgame KRB-KRB} Rd8+ 30. Kc3 Kg7 31. b4 Kf6 32. b5 axb5 33. axb5 cxb5 34. Kb4 Rd3 35. Re1 {[#]} Rd2 (35... Ke5 $1 $17) 36. Bh1 Rb2+ 37. Ka5 b4 {[%cal Bb5b4,Bb4b3,Bb3b2][%mdl 32]} 38. Kb6 $1 b3 {Threatens to win with ...Be6.} 39. Bxb7 Be6 ({Avoid the trap} 39... Bxb7 $2 40. Kxb7 Ke5 41. c6 $18) 40. Ba6 (40. c6 $11 {remains equal.}) 40... Rd2 ({Better is} 40... Rc2 $17 {White must now prevent ...b2.} 41. Bd3 Rc3) 41. c6 $15 b2 {And now ...Rc2 would win.} 42. c7 Rc2 {aiming for ...Rc1.} 43. Rb1 Ba2 $2 {[%mdl 8192] [#]} (43... Bd7 $15 {stays ahead.}) 44. Bc4 $1 $18 {[%cal Rc4a2][%mdl 512]} Rxc4 (44... Bxc4 45. c8=Q) 45. Rxb2 {Precision: White = 54%, Black = 41%.} 1-0

[Event "105th British-ch 2018"]
[Site "Hull"]
[Date "2018.08.05"]
[Round "9"]
[White "Ward, Chris G"]
[Black "Rudd, Jack"]
[Result "1-0"]
[WhiteElo "2434"]
[BlackElo "2244"]
[Annotator "ChessBase"]
[PlyCount "59"]
[EventDate "2018.07.28"]
[EventType "swiss"]
[EventCountry "GBR"]
[SourceTitle "playchess.com"]
[Source "ChessBase"]
[SourceQuality "1"]
[TimeControl "40/5400+30:1800+30"]

1. d4 {[%emt 0:01:35]} d6 {[%emt 0:00:00]} 2. e4 {[%emt 0:00:58]} g6 {[%emt 0:00:00]} 3. c4 {[%emt 0:00:09]} Bg7 {[%emt 0:00:00]} 4. Nc3 {[%emt 0:00:23]} Nf6 {[%emt 0:00:00]} 5. Nge2 {[%emt 0:00:20]} O-O {[%emt 0:00:10]} 6. Ng3 {[%emt 0:00:06]} c5 {[%emt 0:00:09]} 7. d5 {[%emt 0:00:12]} e6 {[%emt 0:00:04]} 8. Be2 {[%emt 0:00:12]} exd5 {[%emt 0:00:08]} 9. cxd5 {[%emt 0:00:09]} Na6 {[%emt 0:00:23]} 10. O-O {[%emt 0:00:45]} Nc7 {[%emt 0:00:06]} 11. a4 {[%emt 0:01:04]} b6 {[%emt 0:00:07]} 12. Bf4 {[%emt 0:06:34]} Re8 {[%emt 0:01:24]} 13. Qd2 {[%emt 0:03:45]} a6 {[%emt 0:00:51]} 14. Bh6 {[%emt 0:08:04]} Bh8 {[%emt 0:00:42]} 15. f4 {[%emt 0:11:20]} Rb8 {[%emt 0:01:49]} 16. Rad1 {[%emt 0:17:41]} b5 {[%emt 0:02:15]} 17. e5 {[%emt 0:16:57]} b4 {[%emt 0:08:20]} 18. Nce4 {[%emt 0:03:02]} Nxe4 {[%emt 0:00:30]} 19. Nxe4 {[%emt 0:00:29]} dxe5 {[%emt 0:00:24]} 20. d6 {[%emt 0:05:55]} Ne6 {[%emt 0:00:16]} 21. d7 {[%emt 0:03:55]} Bxd7 {[%emt 0:01:10]} 22. Qxd7 {[%emt 0:00:11]} exf4 {[%emt 0:00:11]} 23. Qxd8 {[%emt 0:04:31]} Rbxd8 {[%emt 0:00:07]} 24. Rxd8 {[%emt 0:01:13]} Rxd8 {[%emt 0:00:08]} 25. b3 {[%emt 0:00:53]} a5 {[%emt 0:01:33]} 26. Bc4 {[%emt 0:01:21]} Bd4+ {[%emt 0:01:37]} 27. Kh1 {[%emt 0:00:10]} Be3 {[%emt 0:00:30]} 28. Ng5 {[%emt 0:04:41]} Nxg5 {[%emt 0:01:06]} 29. Bxg5 {[%emt 0:00:13]} Rd4 {[%emt 0:00:05]} 30. g3 {[%emt 0:02:14]} 1-0

[Event "105th British-ch 2018"]
[Site "Hull"]
[Date "2018.08.05"]
[Round "9"]
[White "Trent, Lawrence"]
[Black "Derakhshani, Borna"]
[Result "1-0"]
[WhiteElo "2406"]
[BlackElo "2315"]
[Annotator "NA"]
[PlyCount "103"]
[EventDate "2018.07.28"]
[EventType "swiss"]
[EventCountry "GBR"]
[SourceTitle "playchess.com"]
[Source "ChessBase"]
[SourceQuality "1"]
[TimeControl "40/5400+30:1800+30"]

1. d4 {[%emt 0:01:54]} Nf6 {[%emt 0:00:09]} 2. Bg5 {[%emt 0:01:11]} d5 {[%emt 0:01:30]} 3. Nc3 {[%emt 0:04:29]} Bf5 {[%emt 0:06:50]} 4. Bxf6 {[%emt 0:03:01]} gxf6 {[%emt 0:04:29]} 5. e3 {[%emt 0:00:46]} Rg8 {[%emt 0:01:49]} 6. Nge2 {[%emt 0:05:38]} Nc6 {[%emt 0:06:24]} 7. Nf4 {[%emt 0:12:32]} e6 {[%emt 0:10:52]} 8. Bd3 {[%emt 0:00:32]} Bxd3 {[%emt 0:00:45]} 9. Qxd3 {[%emt 0:01:12]} f5 {[%emt 0:00:11]} 10. Nce2 {[%emt 0:03:18]} Qd6 {[%emt 0:12:12]} 11. a3 {[%emt 0:06:24]} O-O-O {[%emt 0:02:52]} 12. b4 {[%emt 0:05:56]} Kb8 {[%emt 0:03:11]} 13. g3 {[%emt 0:11:16]} e5 {[%emt 0:10:46]} 14. dxe5 {[%emt 0:00:04]} Nxe5 {[%emt 0:00:19]} 15. Qd1 {[%emt 0:08:53]} Nf3+ {[%emt 0:00:35]} 16. Kf1 {[%emt 0:00:02]} Bg7 {[%emt 0:02:55]} 17. c3 {[%emt 0:01:09]} Be5 {[%emt 0:09:33]} 18. Nd3 {[%emt 0:02:47]} Qh6 {[%emt 0:02:51]} 19. h4 {[%emt 0:01:44]} Bd6 {[%emt 0:01:45]} 20. Nef4 {[%emt 0:06:54]} Ne5 {[%emt 0:00:17]} 21. Nxe5 {[%emt 0:00:23]} Bxe5 {[%emt 0:00:01]} 22. Qd3 {[%emt 0:00:10]} Qc6 {[%emt 0:01:34]} 23. b5 {[%emt 0:04:10]} Qxc3 {[%emt 0:00:51]} 24. Qxc3 {[%emt 0:01:04]} Bxc3 {[%emt 0:00:01]} 25. Rd1 {[%emt 0:00:01]} Be5 {[%emt 0:03:19]} 26. Nxd5 {[%emt 0:01:38]} Rd7 {[%emt 0:06:07]} 27. Ke2 {[%emt 0:00:41]} Rgd8 {[%emt 0:00:15]} 28. Nb4 {[%emt 0:01:23]} Bb2 {[%emt 0:01:34]} 29. Rxd7 {[%emt 0:03:10]} Rxd7 {[%emt 0:00:00]} 30. a4 {[%emt 0:00:02]} Bc3 {[%emt 0:00:45]} 31. Nd3 {[%emt 0:00:07]} b6 {[%emt 0:03:04]} 32. Rc1 {[%emt 0:00:12]} Bg7 {[%emt 0:00:01]} 33. Nb4 {[%emt 0:01:40]} Kb7 {[%emt 0:00:01]} 34. Nc6 {[%emt 0:01:13]} Rd5 {[%emt 0:02:05]} 35. Rd1 {[%emt 0:00:19]} Rxd1 {[%emt 0:01:01]} 36. Kxd1 {[%emt 0:00:01]} Bf6 {[%emt 0:00:18]} 37. Ke2 {[%emt 0:00:14]} a6 {[%emt 0:00:13]} 38. Kf3 {[%emt 0:00:19]} axb5 {[%emt 0:00:17]} 39. axb5 {[%emt 0:00:02]} Kc8 {[%emt 0:00:36]} 40. Kf4 {[%emt 0:00:45]} Bc3 {[%emt 0:00:32]} 41. f3 {[%emt 0:36:22]} Kd7 {[%emt 0:33:31]} 42. Kxf5 {[%emt 0:03:17]} Kd6 {[%emt 0:00:12]} 43. g4 {[%emt 0:01:28]} Kc5 {[%emt 0:02:00]} 44. Na7 {[%emt 0:00:30]} Kd5 {[%emt 0:02:44]} 45. h5 {[%emt 0:00:00]} Bd2 {[%emt 0:00:00]} 46. e4+ {[%emt 0:00:00]} Kd4 {[%emt 0:00:00]} 47. Kf6 {[%emt 0:00:00]} Ke3 {[%emt 0:00:00]} 48. Kxf7 {[%emt 0:00:00]} Kxf3 {[%emt 0:00:00]} 49. e5 {[%emt 0:00:00]} Kxg4 {[%emt 0:00:00]} 50. e6 {[%emt 0:00:00]} Bg5 {[%emt 0:00:00]} 51. h6 {[%emt 0:00:00]} Kh5 {[%emt 0:00:00]} 52. Kg7 {[%emt 0:00:00]} 1-0

[Event "105th British-ch 2018"]
[Site "Hull"]
[Date "2018.08.05"]
[Round "9"]
[White "Mcphillips, Joseph"]
[Black "Tan, Justin"]
[Result "1/2-1/2"]
[WhiteElo "2402"]
[BlackElo "2504"]
[Annotator "TA"]
[PlyCount "23"]
[EventDate "2018.07.28"]
[EventType "swiss"]
[EventCountry "GBR"]
[SourceTitle "playchess.com"]
[Source "ChessBase"]
[SourceQuality "1"]

{[%evp 21,23,57,36,29]} 1. e4 c6 2. d4 d5 3. Nd2 dxe4 4. Nxe4 Nf6 5. Nxf6+ exf6 6. c3 Bd6 7. Bd3 O-O 8. Qc2 h5 {B15: Caro-Kann: 3 Nc3: 3...g6 and 3...dxe4 4 Nxe4 Nf6 5 Nxf6+ exf6} 9. Ne2 Re8 10. O-O h4 11. h3 Nd7 {LiveBook: 7 Games} 12. Bf4 $146 ({Predecessor:} 12. Bd2 Nf8 13. Rae1 Bc7 14. b3 g6 15. Kh1 Qd6 16. Bf4 Rxe2 17. Bxd6 Rxc2 18. Bxc7 {1-0 (28) Sjugirov,S (2663)-Bai,J (2579) Qinhuangdao 2018}) 1/2-1/2

[Event "105th British-ch 2018"]
[Site "Hull"]
[Date "2018.08.05"]
[Round "9"]
[White "Roberson, Peter T"]
[Black "Kolbus, Dietmar"]
[Result "1-0"]
[WhiteElo "2401"]
[BlackElo "2303"]
[Annotator "NA"]
[PlyCount "81"]
[EventDate "2018.07.28"]
[EventType "swiss"]
[EventCountry "GBR"]
[SourceTitle "playchess.com"]
[Source "ChessBase"]
[SourceQuality "1"]
[TimeControl "40/5400+30:1800+30"]

1. e4 {[%emt 0:02:32]} g6 {[%emt 0:00:00]} 2. d4 {[%emt 0:00:20]} Bg7 {[%emt 0:00:00]} 3. Nc3 {[%emt 0:00:04]} c6 {[%emt 0:00:00]} 4. Nf3 {[%emt 0:02:24]} d5 {[%emt 0:00:04]} 5. Bd3 {[%emt 0:01:25]} Bg4 {[%emt 0:01:41]} 6. O-O {[%emt 0:01:10]} Nf6 {[%emt 0:06:50]} 7. e5 {[%emt 0:07:13]} Nfd7 {[%emt 0:00:13]} 8. h3 {[%emt 0:02:41]} Bxf3 {[%emt 0:00:11]} 9. Qxf3 {[%emt 0:00:02]} e6 {[%emt 0:00:15]} 10. Qg3 {[%emt 0:07:21]} Qb6 {[%emt 0:01:26]} 11. Be3 {[%emt 0:06:41]} Qxb2 {[%emt 0:00:51]} 12. Ne2 {[%emt 0:02:04]} Qb6 {[%emt 0:01:11]} 13. h4 {[%emt 0:01:41]} Qc7 {[%emt 0:00:26]} 14. h5 {[%emt 0:00:51]} Nxe5 {[%emt 0:06:27]} 15. Rab1 {[%emt 0:28:26]} Nbd7 {[%emt 0:00:25]} 16. dxe5 {[%emt 0:00:40]} Bxe5 {[%emt 0:00:20]} 17. Qh3 {[%emt 0:01:57]} b5 {[%emt 0:18:36]} 18. Nd4 {[%emt 0:11:27]} Qd6 {[%emt 0:01:01]} 19. Rfe1 {[%emt 0:04:03]} a6 {[%emt 0:07:37]} 20. Nf3 {[%emt 0:03:30]} Bf6 {[%emt 0:03:53]} 21. Bd4 {[%emt 0:02:56]} Bxd4 {[%emt 0:06:31]} 22. Nxd4 {[%emt 0:00:15]} O-O-O {[%emt 0:01:08]} 23. a4 {[%emt 0:00:52]} Nc5 {[%emt 0:07:05]} 24. axb5 {[%emt 0:02:06]} cxb5 {[%emt 0:02:19]} 25. Bxb5 {[%emt 0:03:39]} axb5 {[%emt 0:00:09]} 26. Nxb5 {[%emt 0:00:03]} Qb6 {[%emt 0:00:43]} 27. Nd4 {[%emt 0:02:01]} Qd6 {[%emt 0:00:32]} 28. Ra1 {[%emt 0:00:19]} Rhf8 {[%emt 0:03:41]} 29. Nb5 {[%emt 0:01:18]} Qb6 {[%emt 0:06:56]} 30. Reb1 {[%emt 0:00:14]} Kd7 {[%emt 0:00:52]} 31. Ra7+ {[%emt 0:01:37]} Nb7 {[%emt 0:00:22]} 32. Qa3 {[%emt 0:00:14]} Rb8 {[%emt 0:04:02]} 33. Rxb7+ {[%emt 0:00:22]} Qxb7 {[%emt 0:00:46]} 34. Qd6+ {[%emt 0:00:14]} Ke8 {[%emt 0:00:09]} 35. Nc7+ {[%emt 0:00:15]} Qxc7 {[%emt 0:00:05]} 36. Rxb8+ {[%emt 0:00:04]} Qxb8 {[%emt 0:00:10]} 37. Qxb8+ {[%emt 0:00:03]} Ke7 {[%emt 0:00:11]} 38. Qb4+ {[%emt 0:00:37]} Ke8 {[%emt 0:00:06]} 39. h6 {[%emt 0:00:14]} g5 {[%emt 0:01:04]} 40. Qd6 {[%emt 0:00:26]} g4 {[%emt 0:00:25]} 41. Kf1 {[%emt 0:30:47]} 1-0